Statystyki dla Stacje Metra w Warszawie do 2050 Roku

Kliknij tutaj aby rozwiązać quiz!

Ogólne statystyki

  • Ten quiz został rozwiązany 74 razy
  • Średni wynik to 51 z 109

Statystyki odpowiedzi

LiniaStacje% Poprawnych
M1Młociny
84%
M2 | M3Stadion Narodowy
84%
M1Centrum
81%
M4Wilanów
81%
M1Kabaty
79%
M1Ursynów
79%
M2Bemowo
77%
M2Centrum Nauki Kopernik
77%
M1 | M2 | M4Marymont
77%
M1Natolin
77%
M1Pole Mokotowskie
77%
M2 | M4Rondo Daszyńskiego
77%
M1Dworzec Gdański
74%
M1 | M3Racławicka
74%
M2Rondo ONZ
74%
M1 | M2Świętokrzyska
74%
M1 | M4Wilanowska
74%
M2Bródno
72%
M1Imielin
72%
M2Nowy Świat
72%
M1Stare Bielany
72%
M2Trocka
72%
M2Dworzec Wileński
70%
M1Politechnika
70%
M1Ratusz Arsenał
70%
M1Wawrzyszew
70%
M2Księcia Janusza
67%
M1Słodowiec
67%
M1Stokłosy
67%
M1Plac Wilsona
65%
M2Kondratowicza
63%
M2Płocka
63%
M1Służew
63%
M1Wierzbno
63%
M2Zacisze
63%
M3Gocław
60%
M2Szwedzka
60%
M2Targówek Mieszkaniowy
60%
M1 | M5Plac Konstytucji
58%
M2Młynów
53%
M1Muranów
53%
M2Ulrychów
53%
M5Ursus
53%
M3Dworzec Wschodni
51%
M2Karolin
51%
M5Gocławek
47%
M3Wiatraczna
47%
M5Dworzec Zachodni
44%
M2Lazurowa
44%
M3 | M5Ostrobramska
44%
M4 | M5Plac Narutowicza
40%
M2Chrzanów
37%
M4Tarchomin
37%
M2Ursus Niedźwiadek
37%
M2Toruńska
35%
M3Mińska
33%
M4Plac Zawiszy
33%
M4Rondo Radosława
33%
M4Służewiec
33%
M2Żerań FSO
33%
M3 | M4Żwirki i Wigury
33%
M2 | M5Szamoty
30%
M4Cmentarz Żydowski
28%
M4Kercelak
26%
M2Potok
26%
M5Aleje Jerozolimskie
23%
M4Banacha
23%
M4Plac Grunwaldzki
23%
M4Rakowiec
23%
M4Ruda
23%
M3Siekierki
23%
M4Stegny
23%
M5Saska Kępa
21%
M4Sobieskiego
21%
M5Solec
21%
M3Czerniaków
19%
M5Filtry
19%
M5Skorosze
19%
M4Stare Świdry
19%
M3Stary Mokotów
19%
M2Ursus Północny
19%
M4Dolina Służewiecka
16%
M4Henryków
16%
M5Marsa
16%
M4Rondo Unii Europejskiej
16%
M3Sielce
16%
M3Gościniec
14%
M3Jana Nowaka Jeziorańskiego
14%
M5Piękna
14%
M5Plac Tysiąclecia
14%
M5Przyczółek Grochowski
14%
M5Śmigłowca
14%
M3Wyględów
14%
M4Ksawerów
12%
M5Wiktoryn
12%
M5Kanał Gocławski
9%
M5Witolin
9%

Rozkład punktacji

Percentyl według liczby udzielonych odpowiedzi

Procent ludzi z każdym wynikiem

Twoja historia wyników

Nie rozwiązałeś tego quizu